000
00236 a2200097 4500
001
30450
100
_a
Harris, David P
245
_a
Testing English as a second language
260
_a
Bombay
_b
Tata McGraw-Hill
_c
090
_c
20394
_d
20394
942
_a
NUST-CAE
_c
M
_c
11552
999
_c
265523
_d
265523